Testeur de chance 🍀 - Statistiques

Statistiques générales
  • Ce quiz a été pris 6 366 fois
  • Le résultat moyen est 7 sur 27
Answers on the Grid
Answers color-coded by a green-red scale on the quiz's grid according to % correct below.
🍀
🍀
🍀
🍀
🍀
🍀
🍀
🍀
🍀
🍀
🍀
🍀
🍀
🍀
🍀
🍀
🍀
🍀
🍀
🍀
🍀
🍀
🍀
🍀
🍀
🍀
🍀
🍀
🍀
🍀
 
Statistiques - réponses
Réponse % Correct
🍀
29%
🍀
29%
🍀
29%
🍀
29%
🍀
29%
🍀
29%
🍀
29%
🍀
28%
🍀
28%
🍀
28%
🍀
28%
🍀
28%
🍀
28%
🍀
28%
🍀
28%
🍀
28%
🍀
28%
🍀
27%
🍀
27%
🍀
27%
🍀
27%
🍀
27%
🍀
27%
🍀
27%
🍀
27%
🍀
26%
🍀
26%
Aucun quiz correspondant
Distribution des résultats
% des personnes avec chaque résultat
Percentile par nombre de réponses
Votre historique - résultats
Vous n’avez pas pris ce quiz